1414 1597 1584 1662 1005 1572 1623 1939 1731 1726 1234 1314 1136 1330 1493 1596 1031 1413 1675 1923 1563 1580 1869 1217 1313 1603 1210 1493 1607 1455 1158 1006 1245 1804 1494 1600 1222 1243 1699 1691 1403 1559 1211 1960 1876 1918 1467 1222 1343 1631 1754 1894 1410 1066 1597 1120 1052 1613 1732 1080 1989 1641 1922 1166 1891 1102 1027 1620 1133 1547 1445 1730 1347 1761 1915 1687 1839 1358 1191 1025 1321 1727 1123 1788 1033 1987 1002 1977 1057 1428 1578 1876 1442 1176 1758 1716 1329 1429 1790 BCNSPRNW ULIB Ver.6.0+V

เปลี่ยนเป็นภาษาไทย

Change to English
 แสดงรายละเอียดบรรณานุกรม
  กลับหน้าหลัก

Brief Record : Get Marc (ISO 2709) : E-mail record : QR code < ปิดหน้าต่าง
LEADER : 00000nam 2200000uu 4500
001    13399127195
003     ULIB
008    191021s2562||||th 000 0 tha d
020 ^- ^a9786160036202
050 ^- ^aนว.^bต258ณ
100 0^ aตะวัน.
245 10 ^aณ จุดเกิดรัก /^cตะวัน.
250 ^- ^aพิมพ์ครั้งที่ 1.
260 ^- ^aกรุงเทพฯ :^bบริษัทสถาพรบุ๊คส์ จำกัด,^c2562
300 ^- ^a487 หน้า.
945    ^p340^l0^i27887
999    ^aกัณชพร จุลอักษร
รายการนี้ยังไม่มีแท็ก
คุณยังไม่ได้ล็อกอิน คุณสามารถมีกิจกรรมร่วมกับเว็บไซต์ได้ แต่ต้องล็อกอินก่อน ::
  ล็อกอิน

รายการสื่อสารสนเทศ

ลำดับที่ ประเภท เลขเรียก/บาร์โค้ด สถานที่ สถานะ
1. วิทยาศาสตร์การแพทย์ และสุขภาพ
วิทยาศาสตร์การแพทย์ และสุขภาพ
นว. ต258ณ ฉ.1 
  Barcode: 27887
ห้องสมุดวิทยาเขตนครสวรรค์
►นวนิยาย:l:Fiction
บนชั้น

รายการใกล้เคียง
    ผู้แต่ง [aตะวัน.]

BibComment


ยังไม่เคยถูกคอมเมนท์

คอมเมนท์ทรัพยากรรายการนี้
  คอมเมนท์: ณ จุดเกิดรัก ตะ..


 Copyright 2026. Bcnsprnw @Library